00253nam a2200109Ia 4500008004100000020001500041100001500056245003400071250000700105260002200112300000900134211105s9999 xx 000 0 und d aVYASA04564 aDigambarji 0aGlossary Of The Sankhyakarika a\N bKaivalyadhamac\N a64p.